000 00695nam a2200241Ia 4500
003 OSt
005 20220926021040.0
006 a|||||r|||| 00| 0
007 ta
008 220923b |||||||| |||| 00| 0 eng d
037 _cGeneral Book
040 _aRTL
_cRTL
_beng
041 _2eng
_aeng
082 _aY9(T), L4
100 _aKimball Solon T
_921558
245 0 _aCulture and the educative process, An Anthropologi
260 _aNew York
_bTeachers College Press
_c1974
300 _ax, 285p
_ccm.
490 _aAnthropology and Education Series
650 _aSociology of Education
942 _hY9(T), L4
_cGB
_2CC
999 _c635627
_d635627